Statistics for Guess the Celebrity - Close Up

Click here to take the quiz!

General Stats

  • This quiz has been taken 4,174 times
  • The average score is 9 of 16

Answer Stats

Answer% Correct
Ariana Grande
95%
Johnny Depp
93%
Cristiano Ronaldo
86%
Emma Watson
81%
Queen Elizabeth II
75%
Chris Hemsworth
72%
Dwayne Johnson
68%
Sandra Bullock
61%
Angelina Jolie
59%
Robin Williams
57%
Mariah Carey
52%
Bradley Cooper
50%
Ellen DeGeneres
39%
Harry Styles
25%
Tom Hanks
25%
Jacinda Ardern
9%

Score Distribution

Percentile by Number Answered

Percent of People with Each Score

Your Score History

You have not taken this quiz